| 000 | 00834nam a22002537a 4500 | ||
|---|---|---|---|
| 999 |
_c1042 _d1042 |
||
| 003 | AR-CdUCM | ||
| 008 | 190226b ||||| |||| 00| 0 spa d | ||
| 040 |
_aMUNICIPALIDAD PROVINCIAL DEL CUSCO _cBIBLIOTECA MUNICIPAL DEL CUSCO |
||
| 041 | _heng | ||
| 082 |
_a371.2 / _bK72 |
||
| 100 |
_aKohl, Herbert R. _94062 |
||
| 245 | _aAutoritarismo y libertad en la enseñanza / | ||
| 260 |
_aBarcelona : _bAriel, _c1981. |
||
| 300 |
_a145 páginas ; _c18 cm. |
||
| 500 | _aTítulo del original en ingles: The open Classroom | ||
| 650 |
_aLibertad en la educación _94063 |
||
| 650 |
_aCentro de enseñanza _94064 |
||
| 650 |
_aEscuelas públicas _92409 |
||
| 650 |
_aClase Abierta _94065 |
||
| 650 |
_aMétodos de enseñanza _94066 |
||
| 700 |
_aSicart, Julia (traducción) _94067 |
||
| 942 |
_2ddc _cLIBROS |
||
| 945 |
_araen _d2019-02-26 |
||